MARC

LEADER 00000nam0a2200000 4500
001 275973
005 20231101234857.0
035 |a (RuTPU)RU\TPU\book\299226 
090 |a 275973 
100 |a 20141118d1981 k y0rusy50 ca 
101 0 |a rus 
102 |a RU 
105 |a a z 001zy 
200 1 |a Математические методы в геологическом дешифрировании аэрофотоснимков  |f Н. Ф. Афанасьев [и др.] 
210 |a Москва  |c Недра  |d 1981 
215 |a 280 с.  |c ил. 
320 |a Библиогр.: с. 270-277. 
606 1 |a Аэроснимки  |x Дешифрирование геологическое  |2 stltpush  |3 (RuTPU)RU\TPU\subj\29972  |9 53184 
610 1 |a природные объекты 
610 1 |a дистанционное изучение 
610 1 |a геологические объекты 
610 1 |a природная индикация 
610 1 |a сетевые модели 
610 1 |a алгоритм построения 
610 1 |a полутоновые изображения 
610 1 |a обработка 
610 1 |a бинарные изображения 
610 1 |a линеаменты 
610 1 |a схемы 
610 1 |a индикаторы 
610 1 |a интерпретация 
610 1 |a локальные структуры 
610 1 |a прогнозирование 
675 |a 550.814  |v 3 
701 1 |a Афанасьев  |b Н. Ф.  |g Николай Фёдорович 
701 1 |a Петров  |b К. М.  |g Кирилл Михайлович 
701 1 |a Теосев  |b А. В.  |g Александр Васильевич 
701 1 |a Горкин  |b В. В.  |g Владимир Викторович 
701 1 |a Можаева  |b В. Г.  |g Валентина Григорьевна 
801 1 |a RU  |b 63413507  |c 20141118 
801 2 |a RU  |b 63413507  |c 20200814  |g RCR 
942 |c BK